LEADER 01412nam0 22003373i 450 001 RAV0135770 005 20251003044325.0 020 $aIT$b759052 100 $a19910327d1975 ||||0itac50 ba 101 | $aita 102 $ait 181 1$6z01$ai $bxxxe 182 1$6z01$an 200 1 $aˆLa ‰democrazia nel sindacato$fGuido Romagnoli ... [et al.]$gintroduzione di Sandro Antoniazzi 210 $aMilano$cMazzotta$d[1975] 215 $a133 p.$d20 cm. 225 | $aNuova informazione$v28 410 0$1001CFI0006699$12001 $aNuova informazione$v28 676 $a331.873$9$v20 676 $a331.88$9SINDACATI$v21 676 $a331.880945$9SINDACATI. Italia$v20 702 1$aAntoniazzi$b, Sandro$3CFIV011711 702 1$aRomagnoli$b, Guido$3RAVV055803 801 3$aIT$bIT-000000$c19910327 850 $aIT-BN0095 $aIT-AV0003 901 $bNAP 01$cPOZZO LIB.$nVi sono collocati fondi di economia, periodici di ingegneria e scienze, periodici di economia e statistica e altri fondi comprendenti documenti di economia pervenuti in dono. 912 $aRAV0135770 950 0$aBiblioteca Centralizzata di Ateneo$c1 v.$d 01POZZO LIB.F. SANTI 300$e 0101 0060033475E VMA 1 v. (Precedente collocazione S 481)$fB $h20221110$i20221110 977 $a 01$a AR 996 $aDEMOCRAZIA nel sindacato$9630761 997 $aUNISANNIO